World War Three Sides - Statistics

General Stats
  • This quiz has been taken 60 times
  • The average score is 48 of 63
Answer Stats
Hint Answer % Correct
NATO United Kingdom
98%
NATO United States
98%
NATO Germany
94%
Eastern Bloc Russia
94%
NATO Spain
94%
NATO Canada
92%
Eastern Bloc China
92%
NATO France
92%
NATO Italy
90%
NATO Portugal
88%
NATO Denmark
86%
NATO Finland
86%
Western-Aligned India
86%
Eastern Bloc Iran
86%
NATO Poland
86%
NATO Sweden
86%
NATO Bulgaria
84%
NATO Hungary
84%
NATO Norway
84%
NATO Turkey
84%
Western-Aligned Ukraine
84%
NATO Estonia
82%
NATO Greece
82%
Western-Aligned Japan
82%
Eastern Bloc Pakistan
82%
Western-Aligned South Korea
82%
NATO Croatia
80%
NATO Czechia
80%
NATO Netherlands
80%
Eastern Bloc North Korea
80%
NATO Slovakia
80%
NATO Slovenia
80%
Western-Aligned Australia
78%
NATO Latvia
78%
NATO Lithuania
78%
NATO Albania
76%
NATO Belgium
76%
Western-Aligned Israel
76%
NATO Luxembourg
76%
NATO Romania
76%
Western-Aligned Brazil
74%
NATO Iceland
74%
Western-Aligned Taiwan
74%
Eastern Bloc Belarus
70%
Eastern-Aligned Egypt
70%
Western-Aligned New Zealand
70%
Western-Aligned Philippines
68%
Eastern-Aligned South Africa
68%
Western-Aligned Indonesia
66%
Western-Aligned Malaysia
66%
Western-Aligned Thailand
66%
Eastern-Aligned Afghanistan
64%
Eastern-Aligned Cuba
64%
NATO Macedonia
64%
NATO Montenegro
64%
Western-Aligned Vietnam
64%
Western-Aligned Georgia
56%
Eastern-Aligned Yemen
56%
Eastern Bloc Armenia
54%
Western-Aligned Azerbaijan
48%
Eastern-Aligned Venezuela
48%
Eastern-Aligned Laos
46%
Eastern-Aligned Nicaragua
32%
No matching quizzes found
Score Distribution
Percent of People with Each Score
Percentile by Number Answered
Your Score History
You have not taken this quiz